| 000 | 00673nam a2200217 a 4500 | ||
|---|---|---|---|
| 999 |
_c3210 _d3210 |
||
| 003 | PK-NaQUE | ||
| 005 | 20250508123148.0 | ||
| 008 | 250508b ||||| |||| 00| 0 eng d | ||
| 020 | _a0582020085 (Paperback) | ||
| 020 | _a9780582020085 (Paperback) | ||
| 040 | _cQUEST | ||
| 082 | _a428.2407Will | ||
| 100 | 1 | _aWillis, Jane | |
| 245 | 1 | 0 | _aTeaching English Through English: a course in classroom language and techniques |
| 260 |
_aEngland _bLongman, _c1981. |
||
| 300 | _axvi,191p. | ||
| 490 | 1 | _aElbs. | |
| 650 | _aEnglish language--Study and Teaching--Foreign Speakers | ||
| 856 | 4 | 0 |
_uhttp://10.10.170.122:8080/browse/book/27252 _yDownload eBook |
| 942 |
_cBK _2ddc |
||